| 000 | 01018nam a22002535i 4500 | ||
|---|---|---|---|
| 001 | 163958 | ||
| 003 | ES-MaACL | ||
| 005 | 20240416161429.0 | ||
| 008 | 950206s1886 sp |||| | spa d | ||
| 040 | _aGA | ||
| 100 | 1 |
_aRos de Olano, Antonio. _999585 |
|
| 245 | 1 | 0 |
_aPoesías de D. Antonio Ros de Olano / _ccon un prólogo de D. Pedro A. de Alarcón. |
| 260 |
_aMadrid : _b[s.n.], _c1886 ( _fImp. y fundición de M. Tello) |
||
| 300 |
_a329, [10] p. ; _c18 cm. |
||
| 490 | 1 |
_aColección escritores castellanos. Líricos ; _v43 |
|
| 505 | 8 | _aSonetos ; La pajarera ; Doloridas ; Por pelar la pava ; La gallomagia ; Lenguaje de las estaciones ; Galatea | |
| 597 | _aPort. a dos tintas orlada. | ||
| 700 | 1 | 1 |
_aAlarcón, Pedro Antonio de, _d1833-1891 _epr. _919134 |
| 752 |
_aEspaña - _dMadrid |
||
| 830 | 0 |
_aColección escritores castellanos. Líricos ; _v43 _9222318 |
|
| 852 |
_aES-MaACL _jD-2215 _z-- Enc. hol. |
||
| 852 |
_aES-MaACL _jF-12673 _z-- Enc. hol. |
||
| 999 |
_c163958 _d163958 |
||